[Event "Titled Tuesday intern op 31st May Late"]
[Site "Chess.com INT"]
[Date "2022.05.31"]
[Round "2"]
[White "Ardila, Oscar Humberto"]
[Black "Goncalves, Ivan Mesquita V"]
[Result "0-1"]
[WhiteElo "1988"]
[BlackElo "2237"]
[PlyCount "112"]
[EventDate "2022.05.31"]
[EventType "swiss (blitz)"]
[EventRounds "11"]
[EventCountry "USA"]
[SourceTitle "CBM 208 Extra"]
[Source "ChessBase"]
[SourceDate "2022.07.31"]
[SourceVersion "1"]
[SourceVersionDate "2022.07.31"]
[SourceQuality "1"]

1. d4 d5 2. c4 c6 3. cxd5 cxd5 4. Nc3 a6 5. Nf3 Nf6 6. Bf4 Nc6 7. e3 Bg4 8. Be2 Bxf3 9. Bxf3 e6 10. 0-0 Bd6 11. Bxd6 Qxd6 12. Qd2 0-0 13. a3 Na5 14. Nxd5 Nb3 15. Nxf6+ gxf6 16. Qe2 Nxa1 17. Rxa1 f5 18. Bxb7 Rab8 19. Bxa6 Rb6 20. Bc4 Ra8 21. a4 Rb4 22. b3 Qb6 23. Rc1 Qd6 24. h3 Kg7 25. Qf3 Ra7 26. g3 Rb8 27. Kg2 Rg8 28. Qf4 Qxf4 29. gxf4 Rb8 30. Kf3 Kf6 31. Ke2 Ke7 32. Kd3 Kd6 33. Kc3 Rg8 34. Ra1 Rg2 35. Ra2 Rg1 36. a5 Rc1+ 37. Kd2 Rh1 38. a6 Rxh3 39. b4 Kc7 40. b5 Kb6 41. Be2 Rc7 42. Ra1 Rh2 43. Rf1 h5 44. Bd3 h4 45. Ke2 Rg2 46. Rh1 Rg4 47. Kf3 Rc3 48. Be2 Rc2 49. Ra1 Rc7 50. Rh1 f6 51. Ra1 Rh7 52. Rc1 h3 53. Rc6+ Ka5 54. b6 h2 55. Rc1 Rg1 56. b7 h1Q# 0-1

[Event "Titled Tuesday intern op 31st May Late"]
[Site "Chess.com INT"]
[Date "2022.05.31"]
[Round "8"]
[White "Goncalves, Ivan Mesquita V"]
[Black "Hosseinzadeh, Nima"]
[Result "1/2-1/2"]
[WhiteElo "2237"]
[BlackElo "2217"]
[PlyCount "153"]
[EventDate "2022.05.31"]
[EventType "swiss (blitz)"]
[EventRounds "11"]
[EventCountry "USA"]
[SourceTitle "CBM 208 Extra"]
[Source "ChessBase"]
[SourceDate "2022.07.31"]
[SourceVersion "1"]
[SourceVersionDate "2022.07.31"]
[SourceQuality "1"]

1. d4 Nf6 2. Nf3 e6 3. Bf4 c5 4. e3 cxd4 5. exd4 b6 6. a4 Ba6 7. Bxa6 Nxa6 8. 0-0 Be7 9. a5 0-0 10. Qe2 Qc8 11. axb6 axb6 12. c3 Qb7 13. Nbd2 b5 14. h3 d6 15. Ra5 Nc7 16. Rfa1 Rxa5 17. Rxa5 Ra8 18. Rxa8+ Qxa8 19. Nb3 Qa2 20. Qc2 Ncd5 21. Bd2 Nb6 22. Bc1 Nc4 23. Nbd2 h6 24. Qb1 Qa6 25. b3 Nxd2 26. Bxd2 Nd5 27. g3 Qc6 28. Qd3 Bf6 29. Kg2 Nb6 30. Be1 Qd5 31. Qd1 e5 32. Kg1 e4 33. Nh2 b4 34. c4 Qxd4 35. Qxd4 Bxd4 36. Bxb4 Nc8 37. Kf1 f5 38. Ke2 Kf7 39. f3 Ke6 40. fxe4 fxe4 41. Ng4 h5 42. Ne3 Ne7 43. Ng2 g5 44. h4 Nf5 45. hxg5 Nxg3+ 46. Ke1 Nf5 47. Nf4+ Kf7 48. Nxh5 Kg6 49. Nf6 Bxf6 50. gxf6 Kxf6 51. Bc3+ Kg5 52. b4 Kf4 53. b5 Ne7 54. Ke2 Nc8 55. Bd4 Ne7 56. Bg1 Ke5 57. Ke3 d5 58. Bh2+ Ke6 59. c5 Nf5+ 60. Kd2 d4 61. b6 Ne7 62. b7 Nc6 63. b8Q Nxb8 64. Bxb8 Kd5 65. Bd6 e3+ 66. Kd3 Kc6 67. Bf8 Kd5 68. Ke2 Kc6 69. Kd1 Kd5 70. Be7 d3 71. Bf8 e2+ 72. Kd2 Kc6 73. Be7 Kd5 74. Bd6 Kc6 75. Be7 Kd5 76. Ke1 Kc6 77. Kd2 1/2-1/2

[Event "Titled Tuesday intern op 31st May Late"]
[Site "Chess.com INT"]
[Date "2022.05.31"]
[Round "1"]
[White "Goncalves, Ivan Mesquita V"]
[Black "Huber, Benedikt"]
[Result "1-0"]
[WhiteElo "2237"]
[BlackElo "2288"]
[PlyCount "67"]
[EventDate "2022.05.31"]
[EventType "swiss (blitz)"]
[EventRounds "11"]
[EventCountry "USA"]
[SourceTitle "CBM 208 Extra"]
[Source "ChessBase"]
[SourceDate "2022.07.31"]
[SourceVersion "1"]
[SourceVersionDate "2022.07.31"]
[SourceQuality "1"]

1. d4 e6 2. Nf3 f5 3. Bf4 Nf6 4. e3 g6 5. Nbd2 Bg7 6. h3 0-0 7. Be2 d6 8. 0-0 Nc6 9. c4 Qe7 10. Bh2 e5 11. Rc1 e4 12. Ne1 g5 13. Qb3 Kh8 14. c5 d5 15. Bb5 Bh6 16. Bxc6 bxc6 17. Be5 Bg7 18. f3 Nh5 19. fxe4 Bxe5 20. dxe5 fxe4 21. Rxf8+ Qxf8 22. Nc2 g4 23. Rf1 Qh6 24. h4 Bd7 25. Qb7 Rf8 26. Qxc7 Be6 27. Qd6 Rxf1+ 28. Nxf1 g3 29. Nd4 Ng7 30. Qf8+ Bg8 31. Qf4 Qh5 32. Nxg3 Qd1+ 33. Kh2 Qd2 34. h5 1-0

[Event "Titled Tuesday intern op 31st May Late"]
[Site "Chess.com INT"]
[Date "2022.05.31"]
[Round "10"]
[White "Goncalves, Ivan Mesquita V"]
[Black "Ozsakallioglu, Okan"]
[Result "1-0"]
[WhiteElo "2237"]
[BlackElo "2312"]
[PlyCount "161"]
[EventDate "2022.05.31"]
[EventType "swiss (blitz)"]
[EventRounds "11"]
[EventCountry "USA"]
[SourceTitle "CBM 208 Extra"]
[Source "ChessBase"]
[SourceDate "2022.07.31"]
[SourceVersion "1"]
[SourceVersionDate "2022.07.31"]
[SourceQuality "1"]

1. d4 Nf6 2. Nf3 g6 3. Bf4 Bg7 4. e3 d6 5. Nc3 0-0 6. Qd2 c5 7. d5 Na6 8. h4 h5 9. e4 Nc7 10. a4 a6 11. a5 Rb8 12. Bh6 b5 13. axb6 Rxb6 14. Bxg7 Kxg7 15. b3 Nb5 16. Bd3 Nxc3 17. Qxc3 Rb4 18. Nd2 e5 19. f3 Qb6 20. Nc4 Qc7 21. Ne3 Qb6 22. Bc4 a5 23. Qd2 Qc7 24. Ra3 Bd7 25. 0-0 Ra8 26. Rfa1 Be8 27. Nf5+ gxf5 28. Qg5+ Kf8 29. Qxf6 f4 30. Qh6+ Ke7 31. Qxh5 f6 32. Qh7+ Bf7 33. h5 Rbb8 34. Qf5 Rh8 35. h6 Rxh6 36. Kf2 Rh5 37. Qg4 Rg8 38. Rxa5 Rxg4 39. Ra7 Rxg2+ 40. Kxg2 Qxa7 41. Rxa7+ Kf8 42. Rd7 Rg5+ 43. Kf2 f5 44. Rxd6 fxe4 45. fxe4 Rg3 46. Be2 Re3 47. Rf6 Ke7 48. Rf5 Rxe4 49. Bf3 Re3 50. c4 Bg6 51. Rg5 Kf6 52. Rg1 Rxb3 53. Rd1 Rb2+ 54. Kg1 e4 55. Bg4 Kg5 56. d6 Be8 57. d7 Bxd7 58. Bxd7 f3 59. Rd5+ Kf4 60. Rf5+ Ke3 61. Bc6 f2+ 62. Kg2 Rb6 63. Rf6 Rxc6 64. Rxc6 Ke2 65. Rf6 e3 66. Rf3 Kd2 67. Rf5 Kd1 68. Rd5+ Ke1 69. Rf5 Ke2 70. Rf3 Kd3 71. Rf5 Kxc4 72. Kf1 Kd3 73. Rd5+ Kc4 74. Rd8 Kb3 75. Ke2 c4 76. Rb8+ Kc2 77. Rf8 c3 78. Kxe3 Kb2 79. Kd3 f1Q+ 80. Rxf1 c2 81. Rf2 1-0

[Event "Titled Tuesday intern op 31st May Late"]
[Site "Chess.com INT"]
[Date "2022.05.31"]
[Round "4"]
[White "Shapiro, David"]
[Black "Goncalves, Ivan Mesquita V"]
[Result "0-1"]
[WhiteElo "2393"]
[BlackElo "2237"]
[PlyCount "80"]
[EventDate "2022.05.31"]
[EventType "swiss (blitz)"]
[EventRounds "11"]
[EventCountry "USA"]
[SourceTitle "CBM 208 Extra"]
[Source "ChessBase"]
[SourceDate "2022.07.31"]
[SourceVersion "1"]
[SourceVersionDate "2022.07.31"]
[SourceQuality "1"]

1. d4 Nf6 2. Nc3 d5 3. Bf4 g6 4. e3 Bg7 5. h4 h5 6. Nf3 Bg4 7. Qd2 c5 8. Ne5 Nc6 9. Bb5 Qb6 10. a4 0-0 11. f3 cxd4 12. exd4 Be6 13. Bxc6 bxc6 14. 0-0 a5 15. Ne2 c5 16. dxc5 Qxc5+ 17. Be3 Qc7 18. Nd4 Qxe5 19. Bf4 Ne4 20. Bxe5 Nxd2 21. Bxg7 Kxg7 22. Rfe1 Nc4 23. Nxe6+ fxe6 24. Rxe6 Ra7 25. b3 Nd6 26. Rae1 Kf7 27. R6e5 Rc8 28. R1e2 d4 29. Rd5 Rac7 30. Rxd4 Rxc2 31. Rxc2 Rxc2 32. Rd5 Rb2 33. Rxa5 Rxb3 34. Kh2 Nf5 35. Kh3 Ra3 36. Ra8 e5 37. Ra7+ Kf6 38. Ra6+ Kg7 39. Re6 Rxa4 40. Rxe5 Rxh4# 0-1

[Event "Titled Tuesday intern op 19th Apr Late"]
[Site "Chess.com INT"]
[Date "2022.04.19"]
[Round "6"]
[White "Goncalves, Ivan Mesquita V"]
[Black "Buchenau, Frank"]
[Result "0-1"]
[WhiteElo "2237"]
[BlackElo "2269"]
[PlyCount "72"]
[EventDate "2022.04.19"]
[EventType "swiss (blitz)"]
[EventRounds "11"]
[EventCountry "USA"]
[SourceTitle "EXT 2023"]
[Source "ChessBase"]
[SourceDate "2022.10.05"]
[SourceVersion "1"]
[SourceVersionDate "2022.10.05"]
[SourceQuality "1"]

1. c4 e5 2. Nc3 Nf6 3. g3 Bb4 4. Bg2 0-0 5. e4 Bxc3 6. dxc3 d6 7. Ne2 Be6 8. b3 a5 9. 0-0 Nbd7 10. f4 exf4 11. gxf4 Bg4 12. Qc2 Nc5 13. Ng3 Re8 14. Re1 Bd7 15. Be3 Bc6 16. Bd4 Ne6 17. Qd2 a4 18. Rad1 axb3 19. axb3 Ra3 20. b4 Nxd4 21. cxd4 Ng4 22. Bh3 Qh4 23. Bxg4 Qxg4 24. d5 Bd7 25. Rc1 h5 26. Qe2 Qxf4 27. Rf1 Qg4 28. Qxg4 Bxg4 29. c5 Rb3 30. cxd6 cxd6 31. Rc7 f6 32. Rxb7 h4 33. Nf5 Bxf5 34. exf5 Re2 35. Rf2 Re1+ 36. Kg2 h3# 0-1

[Event "Titled Tuesday intern op 11th Jan"]
[Site "Chess.com INT"]
[Date "2022.01.11"]
[Round "1"]
[White "Farmani Anosheh, Armin"]
[Black "Goncalves, Ivan Mesquita V"]
[Result "0-1"]
[WhiteElo "2345"]
[BlackElo "2237"]
[PlyCount "50"]
[EventDate "2022.01.11"]
[EventType "swiss (blitz)"]
[EventRounds "11"]
[EventCountry "USA"]
[SourceTitle "CBM 206 Extra"]
[Source "ChessBase"]
[SourceDate "2022.03.31"]
[SourceVersion "1"]
[SourceVersionDate "2022.03.31"]
[SourceQuality "1"]

1. e4 e5 2. Nf3 Nc6 3. d4 exd4 4. Nxd4 Bb4+ 5. c3 Bc5 6. Nxc6 bxc6 7. Bd3 d6 8. Nd2 Nf6 9. 0-0 0-0 10. h3 Re8 11. Re1 a5 12. Nb3 Bb6 13. Nd4 Bb7 14. Nf5 c5 15. Qf3 c4 16. Bc2 Nd7 17. Qg3 Qf6 18. Bg5 Qg6 19. e5 Kh8 20. Rac1 f6 21. Nxd6 Qh5 22. Bxf6 gxf6 23. Nxe8 Rxe8 24. e6 Ne5 25. Kf1 Rg8 0-1

[Event "Titled Tuesday intern op 11th Jan"]
[Site "Chess.com INT"]
[Date "2022.01.11"]
[Round "5"]
[White "Goncalves, Ivan Mesquita V"]
[Black "Lenderman, Aleksandr"]
[Result "0-1"]
[WhiteElo "2237"]
[BlackElo "2622"]
[PlyCount "70"]
[EventDate "2022.01.11"]
[EventType "swiss (blitz)"]
[EventRounds "11"]
[EventCountry "USA"]
[SourceTitle "CBM 206 Extra"]
[Source "ChessBase"]
[SourceDate "2022.03.31"]
[SourceVersion "1"]
[SourceVersionDate "2022.03.31"]
[SourceQuality "1"]

1. Nf3 Nf6 2. c4 e6 3. g3 d5 4. Bg2 d4 5. 0-0 c5 6. e3 Nc6 7. exd4 cxd4 8. d3 Bd6 9. Bg5 0-0 10. Nbd2 h6 11. Bxf6 Qxf6 12. Ne4 Qd8 13. Nxd6 Qxd6 14. a3 a5 15. Re1 e5 16. Qc2 Bf5 17. Nd2 Rfe8 18. Ne4 Qc7 19. Rab1 a4 20. b4 axb3 21. Rxb3 Ra7 22. Reb1 Rea8 23. Qb2 Nd8 24. Re1 Bd7 25. c5 Ba4 26. Rb6 Bc6 27. Rb3 Ne6 28. Rc1 Qd7 29. Nd6 Bxg2 30. Kxg2 Nxc5 31. Rxc5 Qxd6 32. Rcb5 Rxa3 33. Rxb7 Qd5+ 34. Kh3 Ra2 35. Rb8+ Kh7 0-1

[Event "Titled Tuesday intern op 11th Jan"]
[Site "Chess.com INT"]
[Date "2022.01.11"]
[Round "2"]
[White "Goncalves, Ivan Mesquita V"]
[Black "Von Buelow, Georg"]
[Result "1-0"]
[WhiteElo "2237"]
[BlackElo "2361"]
[PlyCount "43"]
[EventDate "2022.01.11"]
[EventType "swiss (blitz)"]
[EventRounds "11"]
[EventCountry "USA"]
[SourceTitle "CBM 206 Extra"]
[Source "ChessBase"]
[SourceDate "2022.03.31"]
[SourceVersion "1"]
[SourceVersionDate "2022.03.31"]
[SourceQuality "1"]

1. Nf3 Nf6 2. c4 g6 3. Nc3 Bg7 4. e4 d6 5. d4 0-0 6. h3 e5 7. dxe5 dxe5 8. Qxd8 Rxd8 9. Bg5 Re8 10. Nd5 Nxd5 11. cxd5 c6 12. Bc4 cxd5 13. Bxd5 Nd7 14. Ke2 Nf6 15. Bxf6 Bxf6 16. Rac1 Rb8 17. Rc7 Be6 18. Bxe6 Rxe6 19. Rd1 Bd8 20. Rcd7 Bf6 21. Rc1 Rb6 22. b3 1-0

[Event "Titled Tuesday intern op 11th Jan"]
[Site "Chess.com INT"]
[Date "2022.01.11"]
[Round "11"]
[White "Weishaeutel, Moritz"]
[Black "Goncalves, Ivan Mesquita V"]
[Result "1-0"]
[WhiteElo "2371"]
[BlackElo "2237"]
[PlyCount "69"]
[EventDate "2022.01.11"]
[EventType "swiss (blitz)"]
[EventRounds "11"]
[EventCountry "USA"]
[SourceTitle "CBM 206 Extra"]
[Source "ChessBase"]
[SourceDate "2022.03.31"]
[SourceVersion "1"]
[SourceVersionDate "2022.03.31"]
[SourceQuality "1"]

1. e4 e5 2. Nf3 Nc6 3. Nc3 Nf6 4. a3 d6 5. d4 exd4 6. Nxd4 Be7 7. Bf4 0-0 8. Be2 Re8 9. 0-0 Bf8 10. Qd2 Nxe4 11. Nxe4 Rxe4 12. Nxc6 bxc6 13. Bf3 Rc4 14. b3 Rc5 15. Be3 Ba6 16. Bxc5 Bxf1 17. Be3 Ba6 18. Bxc6 Rc8 19. Bxa7 Qf6 20. Bd4 Qg6 21. Re1 h6 22. c4 Rb8 23. Qa5 Qd3 24. Ba7 Rxb3 25. Qxa6 Rxa3 26. Qc8 g6 27. h3 Qxc4 28. Re8 Ra1+ 29. Kh2 Rxa7 30. Rxf8+ Kg7 31. Rg8+ Kf6 32. Qd8+ Ke5 33. Re8+ Kf5 34. Be4+ Kf4 35. g3# 1-0

[Event "Titled Tuesday intern op 07th Dec"]
[Site "Chess.com INT"]
[Date "2021.12.07"]
[Round "3"]
[White "Bas Mas, Jose Joaquin"]
[Black "Goncalves, Ivan Mesquita V"]
[Result "0-1"]
[WhiteElo "2260"]
[BlackElo "2237"]
[PlyCount "68"]
[EventDate "2021.12.07"]
[EventType "swiss (blitz)"]
[EventRounds "11"]
[EventCountry "USA"]
[SourceTitle "CBM 205 Extra"]
[Source "ChessBase"]
[SourceDate "2022.01.31"]
[SourceVersion "1"]
[SourceVersionDate "2022.01.31"]
[SourceQuality "1"]

1. e4 c5 2. Nf3 g6 3. c4 Nc6 4. d4 cxd4 5. Nxd4 Nf6 6. Nc3 Nxd4 7. Qxd4 d6 8. Bg5 Bg7 9. f3 0-0 10. Qd2 a5 11. b3 a4 12. b4 a3 13. Rb1 Be6 14. Be2 Qc7 15. Nd5 Bxd5 16. exd5 b5 17. 0-0 bxc4 18. Rfc1 Qb6+ 19. Kh1 c3 20. Rxc3 Nxd5 21. Qxd5 Bxc3 22. Bc4 e6 23. Qd3 Be5 24. f4 Bg7 25. Be7 Rfc8 26. Bb3 d5 27. Re1 Rc3 28. Qe2 Rxb3 29. axb3 a2 30. Bc5 Qb7 31. f5 a1Q 32. fxe6 Qxe1+ 33. Qxe1 Ra1 34. exf7+ Qxf7 0-1

[Event "Titled Tuesday intern op 05th Oct"]
[Site "Chess.com INT"]
[Date "2021.10.05"]
[Round "9"]
[White "Goncalves, Ivan Mesquita V"]
[Black "Timmermans, Mark"]
[Result "1-0"]
[WhiteElo "2237"]
[BlackElo "2387"]
[PlyCount "57"]
[EventDate "2021.10.05"]
[EventType "swiss (blitz)"]
[EventRounds "11"]
[EventCountry "USA"]
[SourceTitle "CBM 204 Extra"]
[Source "ChessBase"]
[SourceDate "2021.11.30"]
[SourceVersion "1"]
[SourceVersionDate "2021.11.30"]
[SourceQuality "1"]

1. d4 Nf6 2. Nf3 e6 3. Bf4 d5 4. e3 Bd6 5. Nbd2 0-0 6. Bd3 b6 7. Qe2 Bb7 8. Bg5 Nbd7 9. h4 c5 10. c3 Qc7 11. Bxf6 Nxf6 12. Ba6 c4 13. Bxb7 Qxb7 14. h5 b5 15. h6 g6 16. a3 a5 17. Ng5 Ne4 18. Ndxe4 dxe4 19. Qg4 f5 20. Qe2 Qd5 21. g3 b4 22. axb4 axb4 23. 0-0 b3 24. Kg2 Be7 25. Nh3 g5 26. Qh5 f4 27. gxf4 gxf4 28. Qg4+ Kh8 29. Qg7# 1-0

[Event "Titled Tuesday intern op 05th Oct"]
[Site "Chess.com INT"]
[Date "2021.10.05"]
[Round "10"]
[White "Siva, Mahadevan"]
[Black "Goncalves, Ivan Mesquita V"]
[Result "1-0"]
[WhiteElo "2349"]
[BlackElo "2237"]
[PlyCount "107"]
[EventDate "2021.10.05"]
[EventType "swiss (blitz)"]
[EventRounds "11"]
[EventCountry "USA"]
[SourceTitle "CBM 204 Extra"]
[Source "ChessBase"]
[SourceDate "2021.11.30"]
[SourceVersion "1"]
[SourceVersionDate "2021.11.30"]
[SourceQuality "1"]

1. e4 c5 2. Nf3 e6 3. d4 cxd4 4. Nxd4 Nc6 5. Nc3 Qc7 6. Be2 Nf6 7. 0-0 a6 8. Be3 d6 9. f4 Be7 10. a4 0-0 11. Kh1 Bd7 12. Nb3 Nb4 13. Bf3 Bc6 14. a5 d5 15. e5 Ne4 16. Ne2 Bb5 17. c3 Nd3 18. Qc2 Nb4 19. Qd1 Nd3 20. Rb1 Ndc5 21. Nbd4 Ba4 22. b3 Bd7 23. Qc2 b5 24. axb6 Qxb6 25. b4 Na4 26. Nf5 Qd8 27. Nxe7+ Qxe7 28. c4 Rfc8 29. c5 Bb5 30. Rfe1 f5 31. exf6 Qxf6 32. Nd4 Nac3 33. Rbc1 e5 34. fxe5 Qxe5 35. Bg1 Qf6 36. Qb3 Bc4 37. Qa3 Re8 38. c6 Qh4 39. Nf5 Qg5 40. Ne3 Qh4 41. Bxe4 Nxe4 42. Nf5 Qg5 43. Qf3 Nd2 44. Rxe8+ Rxe8 45. Qh3 Be2 46. Be3 Rxe3 47. Qxe3 Qxf5 48. Qxe2 Nc4 49. c7 Kf7 50. Rxc4 dxc4 51. Qxc4+ Ke7 52. c8Q Qb1+ 53. Qc1 Qxc1+ 54. Qxc1 1-0

[Event "Titled Tuesday intern op 03rd Aug"]
[Site "Chess.com INT"]
[Date "2021.08.03"]
[Round "4"]
[White "Goncalves, Ivan Mesquita V"]
[Black "Diaz Perez, Michel Alejandro"]
[Result "0-1"]
[WhiteElo "2237"]
[BlackElo "2459"]
[PlyCount "162"]
[EventDate "2021.08.03"]
[EventType "swiss (blitz)"]
[EventRounds "11"]
[EventCountry "USA"]
[SourceTitle "CBM 203 Extra"]
[Source "ChessBase"]
[SourceDate "2021.09.30"]
[SourceVersion "1"]
[SourceVersionDate "2021.09.30"]
[SourceQuality "1"]

1. d4 Nf6 2. Nf3 e6 3. Bf4 c5 4. e3 b6 5. Nbd2 Be7 6. h3 0-0 7. a4 cxd4 8. exd4 Ba6 9. Bxa6 Nxa6 10. 0-0 d5 11. Ne5 Rc8 12. c3 Nb8 13. Qe2 Nc6 14. Nxc6 Rxc6 15. a5 bxa5 16. Nb3 Qb6 17. Nxa5 Rcc8 18. Rfc1 h6 19. b4 Ne4 20. Bd2 Bh4 21. Be1 Bg5 22. Rc2 Rc7 23. Nb3 Bf6 24. Nc5 Re8 25. Ra6 Qb8 26. f3 Nxc5 27. bxc5 e5 28. Bg3 exd4 29. Qd1 d3 30. Qxd3 Qb1+ 31. Kh2 Rxc5 32. Rxa7 d4 33. Ra4 Qb3 34. Rb4 Qa3 35. Bd6 Rxc3 36. Rxc3 Qxc3 37. Qxc3 dxc3 38. Rc4 Rd8 39. Bb4 Rd3 40. Kg1 g6 41. Kf1 h5 42. Ke2 Rd2+ 43. Ke3 Rxg2 44. Bxc3 Bxc3 45. Rxc3 Rg3 46. Kf4 Rxh3 47. Rc7 Kg7 48. Ra7 Rh1 49. Kg3 Rb1 50. Rc7 Rb6 51. Ra7 Kf6 52. Rc7 g5 53. Ra7 Kg6 54. Rc7 h4+ 55. Kh3 Rb3 56. Kg2 f6 57. Rc6 Rb5 58. Rc8 Re5 59. Rd8 Kf5 60. Rc8 Rd5 61. Rb8 Rd4 62. Rc8 Kf4 63. Rc3 f5 64. Kh3 Rd1 65. Ra3 Rf1 66. Kg2 Rd1 67. Ra4+ Ke5 68. Ra5+ Rd5 69. Ra8 Rd4 70. Kh3 Kf4 71. Ra3 Rd1 72. Ra4+ Kxf3 73. Ra3+ Ke2 74. Ra5 Rd3+ 75. Kg2 f4 76. Rxg5 f3+ 77. Kh2 f2 78. Re5+ Re3 79. Rb5 f1Q 80. Rb2+ Kf3 81. Rf2+ Qxf2+ 0-1

[Event "Titled Tuesday intern op 03rd Aug"]
[Site "Chess.com INT"]
[Date "2021.08.03"]
[Round "3"]
[White "Li, Eric"]
[Black "Goncalves, Ivan Mesquita V"]
[Result "0-1"]
[WhiteElo "2266"]
[BlackElo "2237"]
[PlyCount "154"]
[EventDate "2021.08.03"]
[EventType "swiss (blitz)"]
[EventRounds "11"]
[EventCountry "USA"]
[SourceTitle "CBM 203 Extra"]
[Source "ChessBase"]
[SourceDate "2021.09.30"]
[SourceVersion "1"]
[SourceVersionDate "2021.09.30"]
[SourceQuality "1"]

1. d4 d5 2. c4 e6 3. Nc3 a6 4. cxd5 exd5 5. Bf4 c6 6. e3 Bd6 7. Bxd6 Qxd6 8. Bd3 Ne7 9. Nge2 Bf5 10. 0-0 Bxd3 11. Qxd3 0-0 12. a3 Nd7 13. Rfc1 b5 14. Rc2 a5 15. Rac1 a4 16. Na2 Nb6 17. Nb4 Nc4 18. Ng3 g6 19. e4 Rad8 20. e5 Qe6 21. Na6 Nc8 22. Nc5 Qe7 23. f4 f5 24. b3 axb3 25. Qxb3 N8b6 26. a4 Nxa4 27. Nxa4 bxa4 28. Qxa4 c5 29. Rxc4 dxc4 30. Qxc4+ Qf7 31. e6 Qe7 32. d5 Rd6 33. Ne2 Rfd8 34. Nc3 Kg7 35. Rb1 Kh6 36. Qxc5 Rxe6 37. Qd4 Re1+ 38. Kf2 Rxd5 39. Rxe1 Qxe1+ 40. Kxe1 Rxd4 41. Ne2 Ra4 42. Kf2 Kg7 43. g3 h6 44. Ke3 Kf6 45. Nc3 Ra3 46. Kd2 g5 47. Ne2 Kg6 48. Ke1 Kh5 49. Kf2 Ra2 50. Kf3 Rb2 51. h3 Kg6 52. g4 Rb3+ 53. Kg2 fxg4 54. hxg4 gxf4 55. Nxf4+ Kg5 56. Nd5 Kxg4 57. Nf6+ Kh4 58. Ne4 h5 59. Nf2 Rb2 60. Kf3 Rb8 61. Kg2 Rg8+ 62. Kh2 Rb8 63. Kg2 Rb2 64. Kf3 Kg5 65. Kg3 h4+ 66. Kf3 Kh5 67. Nh3 Rb3+ 68. Kg2 Kg4 69. Nf2+ Kf5 70. Kh2 Rb2 71. Kg1 Ra2 72. Kg2 Kf4 73. Kg1 Kg3 74. Ne4+ Kf4 75. Nf2 Kf3 76. Nd3 Kg3 77. Nc5 Ra1# 0-1

[Event "Titled Tuesday intern op 27th July"]
[Site "Chess.com INT"]
[Date "2021.07.27"]
[Round "11"]
[White "Goncalves, Ivan Mesquita V"]
[Black "Muradli, Mahammad"]
[Result "1-0"]
[WhiteElo "2237"]
[BlackElo "2461"]
[PlyCount "151"]
[EventDate "2021.07.27"]
[EventType "swiss (blitz)"]
[EventRounds "11"]
[EventCountry "USA"]
[SourceTitle "CBM 203 Extra"]
[Source "ChessBase"]
[SourceDate "2021.09.30"]
[SourceVersion "1"]
[SourceVersionDate "2021.09.30"]
[SourceQuality "1"]

1. d4 g6 2. e4 Bg7 3. Nc3 d6 4. f3 Nd7 5. Be3 a6 6. Qd2 b6 7. h4 h6 8. h5 g5 9. Nge2 e6 10. 0-0-0 Bb7 11. g3 Ne7 12. Bg2 f5 13. f4 g4 14. d5 exd5 15. exf5 Nxf5 16. Bxd5 Bxd5 17. Nxd5 0-0 18. Nd4 Nc5 19. Nxf5 Rxf5 20. Bxc5 bxc5 21. Qd3 Rf7 22. Ne3 Rb8 23. c3 Qd7 24. Rh4 Qa4 25. Qc4 Qe8 26. Nxg4 Kh8 27. Rh2 Re7 28. Rhd2 Qxh5 29. Nf2 Qf3 30. Qd3 Re3 31. Qd5 Bxc3 32. bxc3 Rxc3+ 33. Rc2 Qxf2 34. Qd2 Qxd2+ 35. Kxd2 Rxg3 36. Rc4 Rb2+ 37. Kc1 Rxa2 38. Kb1 Rgg2 39. Re1 Rgb2+ 40. Kc1 Ra1+ 41. Kxb2 Rxe1 42. Ra4 Rf1 43. Kc3 Rf3+ 44. Kd2 Kg7 45. Ke2 Rb3 46. Rxa6 Kf6 47. Rc6 Ke6 48. Rxc7 Kd5 49. Rh7 Kd4 50. Rxh6 d5 51. f5 Re3+ 52. Kf2 Re5 53. Rh4+ Kd3 54. Rf4 c4 55. f6 Re8 56. f7 Rf8 57. Ke1 d4 58. Kd1 Kc3 59. Rf3+ d3 60. Rf4 Ra8 61. Ke1 Kc2 62. Rxc4+ Kb3 63. Rf4 Kc2 64. Rc4+ Kb3 65. Rc7 Ra1+ 66. Kd2 Rf1 67. Kxd3 Kb4 68. Ke4 Kb5 69. Ke5 Kb6 70. Re7 Kc6 71. Ra7 Re1+ 72. Kf6 Rf1+ 73. Kg7 Rg1+ 74. Kf8 Rf1 75. Re7 Kd6 76. Ke8 1-0

[Event "Titled Tuesday intern op 6th Aug"]
[Site "Chess.com INT"]
[Date "2019.08.06"]
[Round "9"]
[White "Delgado Rosas, Alex Antonio"]
[Black "Goncalves, Ivan Mesquita V"]
[Result "0-1"]
[WhiteElo "2087"]
[BlackElo "2237"]
[PlyCount "76"]
[EventDate "2019.08.06"]
[EventType "swiss (blitz)"]
[EventRounds "10"]
[EventCountry "USA"]
[SourceTitle "EXT 2021"]
[Source "ChessBase"]
[SourceDate "2020.10.23"]
[SourceVersion "1"]
[SourceVersionDate "2020.10.23"]
[SourceQuality "1"]

1. c4 e5 2. Nc3 Nf6 3. g3 Nc6 4. Bg2 Bc5 5. d3 a6 6. Nf3 d6 7. Bg5 h6 8. Bxf6 Qxf6 9. 0-0 Qd8 10. a3 0-0 11. b4 Ba7 12. Nd5 Be6 13. Rc1 f5 14. Qb3 f4 15. b5 Nd4 16. Nxd4 Bxd4 17. e3 fxe3 18. fxe3 Rxf1+ 19. Rxf1 Bc5 20. bxa6 Rxa6 21. Qxb7 Rxa3 22. Nxc7 Bxe3+ 23. Kh1 Bc8 24. Qd5+ Kh8 25. Nb5 Ra6 26. Qf7 Qg8 27. Qe7 Bg4 28. h3 Be2 29. Re1 Bg5 30. Qd7 Bxd3 31. Rd1 Bg6 32. Nxd6 Kh7 33. Bd5 Qf8 34. Nf7 Bxf7 35. Bxf7 Ra2 36. Qf5+ Kh8 37. c5 Ra7 38. Bd5 Qxf5 0-1

[Event "Titled Tuesday intern op 6th Aug"]
[Site "Chess.com INT"]
[Date "2019.08.06"]
[Round "8"]
[White "Goncalves, Ivan Mesquita V"]
[Black "Barp, Alberto"]
[Result "0-1"]
[WhiteElo "2237"]
[BlackElo "2411"]
[PlyCount "148"]
[EventDate "2019.08.06"]
[EventType "swiss (blitz)"]
[EventRounds "10"]
[EventCountry "USA"]
[SourceTitle "EXT 2021"]
[Source "ChessBase"]
[SourceDate "2020.10.23"]
[SourceVersion "1"]
[SourceVersionDate "2020.10.23"]
[SourceQuality "1"]

1. Nf3 d5 2. g3 Bg4 3. Bg2 Nd7 4. 0-0 c6 5. d4 e6 6. Nbd2 Ngf6 7. c3 Be7 8. Re1 0-0 9. e4 h6 10. h3 Bh5 11. Qb3 Qb6 12. e5 Ne8 13. Nf1 c5 14. Be3 Nc7 15. g4 Bg6 16. Ng3 cxd4 17. cxd4 Qxb3 18. axb3 a6 19. Rec1 Rac8 20. Bf1 Nb8 21. h4 Nc6 22. h5 Bh7 23. Ne1 f6 24. f4 fxe5 25. fxe5 Bg5 26. Bxg5 hxg5 27. Ne2 Nb5 28. Rd1 Rf7 29. Bg2 Rcf8 30. Rd2 Rf2 31. Rad1 R2f7 32. Rc1 Rc8 33. Rc5 Rfc7 34. Nf3 Be4 35. Nxg5 Ncxd4 36. Rxc7 Nxe2+ 37. Rxe2 Rxc7 38. Bxe4 dxe4 39. Nxe6 Re7 40. Nc5 Rxe5 41. Nxe4 Nd4 42. Re3 Nxb3 43. Kf2 Nc5 44. Nd6 Rd5 45. Nf5 Rd7 46. Nh4 Nd3+ 47. Kg3 Nxb2 48. Re8+ Kf7 49. Rb8 Nc4 50. Ng6 a5 51. g5 a4 52. Kf4 a3 53. Ra8 Rd2 54. Kf5 Rf2+ 55. Ke4 a2 56. Nh8+ Ke7 57. Ng6+ Kd7 58. h6 gxh6 59. gxh6 Rh2 60. Nf4 b6 61. Ra7+ Kc6 62. Ne6 Na5 63. Nd4+ Kc5 64. Rc7+ Kb4 65. Rc1 Rxh6 66. Kd3 Rh3+ 67. Kd2 Rh4 68. Nc2+ Kb3 69. Ne3 Rd4+ 70. Ke2 Nc4 71. Nc2 Rd2+ 72. Ke1 Rxc2 73. Ra1 Kb2 74. Rd1 Rc1 0-1